000
00294nam a22001217a 4500
008
160426b xxu||||| |||| 00| 0 eng d
020
_a
9780721696928
020
_a
0721696929
041
_a
eng
080
_a
618.2
245
_a
Nursing today:
_c
JoAnn Zerwekh; Jo Carol Claborn;
942
_2
udc
_c
BK
999
_c
1608
_d
1608